<?xml version="1.0" encoding="UTF-8"?><OAI-PMH xmlns="http://www.openarchives.org/OAI/2.0/" xmlns:xsi="http://www.w3.org/2001/XMLSchema-instance"     xsi:schemaLocation="http://www.openarchives.org/OAI/2.0/ http://www.openarchives.org/OAI/2.0/OAI-PMH.xsd"><responseDate>2026-07-02T11:05:55Z</responseDate><request verb="GetRecord" identifier="oai:regmurcia.com:fintegr.966" metadataPrefix="marc21">http://oai.regmurcia.com/oai2/oai2.php</request><GetRecord><record><header><identifier>oai:regmurcia.com:fintegr.966</identifier><datestamp>2026-07-02</datestamp><setSpec>documentos</setSpec></header><metadata><record  xmlns="http://www.loc.gov/MARC21/slim" xmlns:xsi="http://www.w3.org/2001/XMLSchema-instance" xsi:schemaLocation="http://www.loc.gov/MARC21/slim http://www.loc.gov/standards/marcxml/schema/MARC21slim.xsd" type="Bibliographic"><leader>00000nam a2200000   4500</leader><controlfield tag="001" >005194965</controlfield><controlfield tag="003" >966</controlfield><controlfield tag="004" >A00000000</controlfield><datafield tag="245" ind1=" " ind2=" "><subfield code="a">Libro de cuentas del concejo de los jurados clavarios Lázaro Sánchez de León, lugarteniente de Lorenzo Salvador, y Francisco Pellicer.</subfield></datafield><datafield tag="300" ind1=" " ind2=" "><subfield code="c">291 x 225 mm.</subfield></datafield><datafield tag="300" ind1=" " ind2=" "><subfield code="a">86 fol.</subfield></datafield><datafield tag="351" ind1=" " ind2=" "><subfield code="a">Unidad Documental</subfield><subfield code="c">Archivo de Murcia. Array</subfield><subfield code="a">Unidad Documental</subfield><subfield code="c">Archivo de Murcia. Array</subfield></datafield><datafield tag="351" ind1=" " ind2=" "><subfield code="b">Nº 260/2</subfield></datafield><datafield tag="506" ind1=" " ind2=" "><subfield code="a">Acceso restrigido</subfield></datafield><datafield tag="520" ind1=" " ind2=" "><subfield code="a">Contiene:&lt;/br&gt;Falta el principio del libro&lt;/br&gt;Fol. 1r. [ &quot; Estas son la reçebtas que Lázaro Sánchez de León_&quot; ]&lt;/br&gt;Fol. 15r.&quot; Estas son las despensas que Lázaro Sánchez_&quot;&lt;/br&gt;Fol. 50r. &quot; Estas son las reçebtas que Francisco Pellicer_&quot;&lt;/br&gt;Fol. 62r. &quot; Estas son las despensas que Francisco Pellicer...&quot;&lt;/br&gt; los asientos de los ingresos y gastos del concejo de los mayordomos:&lt;/br&gt;- Lázaro Sanchez de León, lugarteniente de Lorenzo Salvador de 24 de junio a 24 de diciembre de 1395.&lt;/br&gt;- Francisco Pellicer, 25 de diciembre de 1395 a junio de 1396.</subfield></datafield><datafield tag="583" ind1=" " ind2=" "><subfield code="u">http://www.regmurcia.com/servlet/s.Sl?METHOD=VERDOCUMENTO&amp;sit=serv,Carmesi&amp;n=/01/1917/indice.djvu</subfield></datafield><datafield tag="592" ind1=" " ind2=" "><subfield code="a">1395-09-09/1396-06-14</subfield></datafield><datafield tag="592" ind1=" " ind2=" "><subfield code="d">1396-06-14 00:00:00</subfield></datafield><datafield tag="651" ind1=" " ind2=" "><subfield code="a">Murcia</subfield></datafield><datafield tag="786" ind1=" " ind2=" "><subfield code="o">http://www.regmurcia.com/servlet/s.Sl?METHOD=VERDOCUMENTO&amp;sit=serv,Carmesi&amp;n=/01/1917/indice.djvu</subfield></datafield><datafield tag="856" ind1=" " ind2=" "><subfield code="u">http://www.regmurcia.com/servlet/s.Sl?METHOD=DETALLE&amp;sit=c,373,m,139,serv,Carmesi&amp;id=966</subfield></datafield></record></metadata></record></GetRecord></OAI-PMH>
